Statistiques concernant Géographie par image - G

Cliquez ici pour prendre le quiz!

Statistiques générales

  • Ce quiz a été pris 4,279 fois
  • Le résultat moyen est 12 sur 18

Statistiques - réponses

Answer % Correct
Grèce
98%
Groenland
82%
Galápagos
81%
Grande-Bretagne
80%
Grande Muraille
76%
Gaza
75%
Gobi
73%
Guatemala
73%
Gange
71%
Gizeh
70%
Gambie
63%
Genève
52%
Galice
51%
Géorgie
51%
Gibraltar
48%
Grenoble
46%
Grenade
45%
Gênes
22%

Distribution des résultats

Percentile by Number Answered

% des personnes avec chaque résultat

Votre développement - résultats

Vous n’avez pas pris ce quiz